00478nam a2200193 a 4500001001300000003000900013005001700022008004100039020001000080082001500090100001400105245002300119260005000142300000800192500003500200505001300235650002200248700001400270nice12345678IN_TiNIC20260116011253.0050524s1950 cama grp 000 0 eng  ac10000a226.6bDOD aDodd, C H aAbout the Gospels. aCambridge bCambridge University Press c1950 a45p aincludes index and biblioraphy2 aAppendix aBible N.T. Gospel1 aDodd, C H